| 000 | 00354cam a2200145ua 4500 | ||
|---|---|---|---|
| 041 |
_aeng _h |
||
| 082 |
_a331 _bRAO/AG |
||
| 100 | _aRao, V.K.R.V . | ||
| 245 |
_aAgricultural labour in India / _cRao. _hTextual Documents |
||
| 260 |
_aMumbai : _bAsia Publishing House , _c1962. |
||
| 300 | _a195 ; . | ||
| 504 | _a | ||
| 942 | _cBK | ||
| 999 |
_c1324 _d1324 |
||